| 000 | 00903cam a2200265 a 4500 | ||
|---|---|---|---|
| 001 | 000011643 | ||
| 005 | 20200929162519.0 | ||
| 008 | 851113s1983 sp a b f000 0 spa | ||
| 020 | _a8427606214 | ||
| 035 | _a(DLC) 84194740 | ||
| 040 |
_aDO-SdBNP _cDLC _dBNPHU |
||
| 082 |
_a664.752 _bE74m |
||
| 100 | 1 |
_aEscalera Reyes, Javier. _927573 |
|
| 245 | 1 | 0 |
_aMolinos y panaderias tradicionales / _cJavier Escalera Reyes, Antonio Villegas Santaella. |
| 260 |
_aMadrid : _bNacional, _cc1983. |
||
| 300 |
_a318 p. : _bil. ; _c22 cm. |
||
| 490 | 1 |
_aArtes del tiempo y del espacio _v8 |
|
| 504 | _aIncludes bibliographies. | ||
| 650 | 4 |
_aMolinos de harina _zEspaña _xHistoria _927574 |
|
| 650 | 4 |
_aPanaderías _zEspaña _xHistoria _927575 |
|
| 700 | 1 |
_aVillegas Santaella, Antonio. _927576 |
|
| 830 | 0 |
_aArtes del tiempo y del espacio ; _v8. _927462 |
|
| 910 | _aCatalogación por copia / LC | ||
| 049 | _aBNGR | ||
| 999 |
_c11334 _d11334 |
||